Statistics for Most Successful 24 Hours of Le Mans Drivers

Click here to take the quiz!

General Stats

  • This quiz has been taken 59 times
  • The average score is 15 of 136

Answer Stats

HintAnswer% Correct
2Fernando Alonso
72%
9Tom Kristensen
72%
4Sébastien Buemi
63%
6Jacky Ickx
60%
1Graham Hill
56%
3Phil Hill
56%
3Brendon Hartley
53%
1Bruce McLaren
49%
1Nico Hülkenberg
42%
3André Lotterer
35%
1Lorenzo Bandini
33%
3Allan McNish
30%
5Derek Bell
30%
4Henri Pescarolo
28%
1Chris Amon
23%
1David Brabham
23%
5Emanuele Pirro
23%
1Geoff Brabham
23%
1Jose Maria Lopez
23%
2Romain Dumas
23%
1Caroll Shelby
21%
1Dan Gurney
21%
1Helmut Marko
21%
1Mike Hawthorn
21%
5Franck Biela
19%
3Marcel Fässler
19%
4Yannick Dalmas
19%
1A.J. Foyt
16%
2Earl Bamber
16%
2Hans-Joachim Stuck
16%
1Martin Brundle
16%
1Mike Conway
16%
2Alexander Wurz
14%
3Benoit Tréluyer
14%
3Dindo Capello
14%
1Jochen Mass
14%
1Jochen Rindt
14%
1Loïc Duval
14%
1Bertrand Gachot
12%
1Davy Jones
12%
2J.J. Lehto
12%
1Kobayashi Kamui
12%
1Ludovico Scarfiotti
12%
1Marc Lieb
12%
1Michele Alboreto
12%
1Neel Jani
12%
1Nick Tandy
12%
2Timo Bernhard
12%
1Guy Smith
9%
1Jackie Oliver
9%
1Jan Lammers
9%
1Johnny Herbert
9%
1Lucien Bianchi
9%
1Marc Gené
9%
1Mark Blundell
9%
1Mike Rockenfeller
9%
1Pedro Rodriguez
9%
1Richard Attwood
9%
1Andy Wallace
7%
1Derek Warwick
7%
1Duncan Hamilton
7%
2Gijs van Lennep
7%
3Hurley Haywood
7%
3Marco Werner
7%
1Maurice Trintignant
7%
1Roy Salvadori
7%
1Ryō Hirakawa
7%
3Al Holbert
5%
1Didier Pironi
5%
1Eric Helary
5%
2Gerard Larrousse
5%
1Hans Herrmann
5%
1Johnny Dumfries
5%
1José Froilan Gonzalez
5%
4Olivier Gendebien
5%
1Stefan Johansson
5%
1Vern Schuppan
5%
1André Lagache
2%
1Ara Seiji
2%
2Jean-Pierre Jaussaud
2%
2Jean Pierre Wimille
2%
1Jean Rondeau
2%
1Joachim Winkelhock
2%
3Klaus Ludwig
2%
1Laurent Aiello
2%
1Masten Gregory
2%
3Nakajima Kazuki
2%
1Paul Frère
2%
1Pierre Veyron
2%
1Price Cobb
2%
1René Léonard
2%
1Sammy Davis
2%
1Tony Rolt
2%
1Volkert Weidler
2%
3Woolf Barnato
2%
2André Rossignol
0%
1Bernard Rubin
0%
1Bill Whittington
0%
1Christophe Bouchut
0%
1Don Whittington
0%
1Eugène Chaboud
0%
1Franck Clément
0%
1Fritz Riess
0%
1Gerard de Courcelles
0%
1Glen Kidston
0%
2Henry Birkin
0%
1Hermann Lang
0%
1Jean Guichet
0%
1Jean-Louis Rosier
0%
1Jean Tremoulet
0%
1John Benjafield
0%
1John Duff
0%
1John Hindmarsh
0%
1John Nielsen
0%
1John Winter
0%
1Jürgen Barth
0%
1Louis Rosier
0%
2Luigi Chinetti
0%
1Luis Fontés
0%
2Manuel Reuter
0%
1Mauro Baldi
0%
1Ninian Sanderson
0%
1Nino Vaccarella
0%
1Paolo Barilla
0%
1Peter Nicol Whitehead
0%
1Peter Walker
0%
1Philippe Etancelin
0%
2Raymond Sommer
0%
1Robert Benoist
0%
1Robert Bloch
0%
2Ron Flockhart
0%
1Sekiya Masanori
0%
1Stanley Dickens
0%
1Stéane Ortelli
0%
1Tazio Nuvolari
0%
2Yvor Bueb
0%

Score Distribution

Percentile by Number Answered

Percent of People with Each Score

Your Score History

You have not taken this quiz